00435nam a2200169 a 45000010005000000030009000050080041000140400028000550820016000831000018000992450034001172500008001512600035001593000015001944900025002096500031002345903CO-ViMGA141112s2004 ck r 000 u spa d aCO-ViMGAbspacCO-ViMGA04a923.2 F682z1 aZweig, Stefan10aFouche : bel genio tenebroso a20a aBarcelona : bJuventud, c1996 a254 p : il aGrandes biografías14aFOUCHE, JOSEPH 1759 - 1859